000 00389nam a2200133Ia 4500
008 220610s9999 xx 000 0 und d
082 _a891.4
_bWAY
100 _aWayghralkar Gopalkrushn
_9129264
245 _aMe Kasa Aahe ? Me Kasa Hawa? (Marathi)
260 _aNagpur
_bRucha Prakashan
_c2015
300 _a144 P
_bPB
500 _a"Doneted by Dr. Shailesh Pitale, Nagpur"
906 _a0
_bGB
999 _c53381
_d53381